| 000 | 00576nam a2200217Ia 4500 | ||
|---|---|---|---|
| 005 | 20250217060553.0 | ||
| 008 | 240331s9999 xx 000 0 und d | ||
| 020 | _a0761933875 | ||
| 082 |
_bFAI _21948 _a305.4 |
||
| 245 | 0 |
_aWomen, Security, South Asia: _bA Clearing in the Thicket |
|
| 260 |
_aNew Delhi; _aThousand Oaks; _aLondon _bSAGE Publications _c2005 |
||
| 300 | _a215 p., | ||
| 650 | _aSouth Asia | ||
| 650 | _aWomen | ||
| 650 | _aMarginality | ||
| 650 | _aGender | ||
| 650 | _aSociety | ||
| 700 |
_aFaizal, F _eedt |
||
| 700 |
_aRajagopalan, S _eedt |
||
| 942 | _cL | ||
| 999 |
_c1728 _d1728 |
||